| Tag |
First Indicator |
Second Indicator |
Subfields |
| LEADER |
00000cam a2200000 a 4500 |
| 001 |
in00000091102 |
| 005 |
20150923131304.0 |
| 008 |
820226s1981 caua b 10110 eng |
| 010 |
|
|
|a 81082808
|
| 035 |
|
|
|a (OCoLC)08237909
|
| 035 |
|
|
|9 AAK6689AM
|
| 039 |
0 |
|
|a 2
|b 3
|c 3
|d 3
|e 3
|
| 040 |
|
|
|a DLC
|c DLC
|d TXA
|d UtOrBLW
|
| 049 |
|
|
|a TXAM
|c [1482146]
|
| 050 |
0 |
0 |
|a TK7882 P3
|b I2 1981
|
| 082 |
0 |
|
|a 621.3819/598
|2 19
|
| 111 |
2 |
|
|a IEEE Computer Society Workshop on Computer Architecture for Pattern Analysis and Image Database Management
|n (1st :
|d 1981 :
|c Hot Springs, Va.)
|
| 245 |
1 |
0 |
|a 1981 IEEE Computer Society Workshop on Computer Architecture for Pattern Analysis and Image Database Management, Hot Springs, Virginia, November 11-13, 1981.
|
| 264 |
|
1 |
|a [Los Angeles, Calif.] :
|b IEEE Computer Society Press :
|b Order from IEEE Computer Society ;
|a Piscataway, N.J. :
|b Order from IEEE Service Center,
|c [1981]
|
| 264 |
|
4 |
|c ©1981
|
| 300 |
|
|
|a ix, 348 pages :
|b illustrations ;
|c 28 cm.
|
| 336 |
|
|
|a text
|b txt
|2 rdacontent
|
| 337 |
|
|
|a unmediated
|b n
|2 rdamedia
|
| 338 |
|
|
|a volume
|b nc
|2 rdacarrier
|
| 500 |
|
|
|a Spine title: IEEE 1981 computer architecture for pattern analysis and image database management.
|
| 500 |
|
|
|a "IEEE catalog number 81CH1697-2."
|
| 500 |
|
|
|a "IEEE Computer Society catalog number 378."
|
| 504 |
|
|
|a Includes bibliographies and index.
|
| 650 |
|
0 |
|a Pattern recognition systems
|v Congresses.
|
| 650 |
|
0 |
|a Image processing
|x Digital techniques
|v Congresses.
|
| 650 |
|
0 |
|a Computer architecture
|v Congresses.
|
| 710 |
2 |
|
|a IEEE Computer Society.
|
| 740 |
0 |
|
|a IEEE 1981 computer architecture for pattern analysis and image database management.
|
| 999 |
|
|
|a MARS
|
| 999 |
f |
f |
|s 4e44e06e-69ca-31d8-81a4-eafeaef4f4f6
|i f9f4998b-255a-318d-add1-1e3e594288e8
|t 0
|
| 952 |
f |
f |
|p ric
|a Texas A&M University
|b Rellis Campus
|c Joint Library Facility
|d Remote Storage
|t 0
|e TK7882 P3 I2 1981
|h Library of Congress classification
|i unmediated -- volume
|m A14806274612
|
| 998 |
f |
f |
|a TK7882 P3 I2 1981
|t 0
|l Remote Storage
|